00410nam a22000977a 4500008004100000050002700041100002700068245014900095260005400244300001400298210121b xxu||||| |||| 00| 0 eng d aGMB0125b.K64 2018 c.1 aKoech, Shadrack Kiprop aThe effects of economic factors on the performance of real estate developers in Nakuru central business district, Kenya cShadrack Kiprop Koech  aKabarak, Nakuru, Kenya bKabarak Universityc2018 a65 leaves